<?xml version="1.0" encoding="UTF-8"?>
<record
    xmlns:xsi="http://www.w3.org/2001/XMLSchema-instance"
    xsi:schemaLocation="http://www.loc.gov/MARC21/slim http://www.loc.gov/standards/marcxml/schema/MARC21slim.xsd"
    xmlns="http://www.loc.gov/MARC21/slim">

  <leader>00877    a2200205   4500</leader>
  <controlfield tag="005">20240604143713.0</controlfield>
  <datafield tag="010" ind1=" " ind2=" ">
    <subfield code="a">B-747179-180                          E.N.A./7.11.22                ENG-140576</subfield>
  </datafield>
  <datafield tag="020" ind1=" " ind2=" ">
    <subfield code="a">9789355011534</subfield>
    <subfield code="c">899.00</subfield>
  </datafield>
  <datafield tag="035" ind1=" " ind2=" ">
    <subfield code="a">B-747179-180</subfield>
  </datafield>
  <datafield tag="035" ind1=" " ind2=" ">
    <subfield code="a">EN-124108</subfield>
  </datafield>
  <datafield tag="037" ind1=" " ind2=" ">
    <subfield code="b">AKPD</subfield>
  </datafield>
  <datafield tag="082" ind1=" " ind2=" ">
    <subfield code="a">000</subfield>
  </datafield>
  <datafield tag="100" ind1=" " ind2=" ">
    <subfield code="a">Aggarwal, R.S.</subfield>
    <subfield code="9">67328</subfield>
  </datafield>
  <datafield tag="245" ind1=" " ind2=" ">
    <subfield code="a">A Modern Approach to Verbal &amp; Non -Verbal Reasoning/</subfield>
    <subfield code="c">R.S. Aggarwal</subfield>
  </datafield>
  <datafield tag="260" ind1=" " ind2=" ">
    <subfield code="a">New Delhi</subfield>
    <subfield code="b">S Chand And Company </subfield>
    <subfield code="c">2022</subfield>
  </datafield>
  <datafield tag="270" ind1=" " ind2=" ">
    <subfield code="a">Block B-1, House no-D-1, Grund Floor, Mohan Co- operative Industrial Estate,</subfield>
    <subfield code="b">New Delhi</subfield>
    <subfield code="e">110044</subfield>
  </datafield>
  <datafield tag="300" ind1=" " ind2=" ">
    <subfield code="a">Various p.</subfield>
    <subfield code="c">27cm(pbk)</subfield>
  </datafield>
  <datafield tag="942" ind1=" " ind2=" ">
    <subfield code="2">ddc</subfield>
    <subfield code="c">EN</subfield>
    <subfield code="m">AGG</subfield>
    <subfield code="h">000</subfield>
  </datafield>
  <datafield tag="999" ind1=" " ind2=" ">
    <subfield code="c">193936</subfield>
    <subfield code="d">193936</subfield>
  </datafield>
  <datafield tag="952" ind1=" " ind2=" ">
    <subfield code="0">0</subfield>
    <subfield code="1">0</subfield>
    <subfield code="4">0</subfield>
    <subfield code="7">0</subfield>
    <subfield code="8">NFIC</subfield>
    <subfield code="a">L</subfield>
    <subfield code="b">L</subfield>
    <subfield code="d">2023-01-27</subfield>
    <subfield code="e">AKPD/A-22/28.11.22/147/23.11.22/2.12.22</subfield>
    <subfield code="g">899.00</subfield>
    <subfield code="l">22</subfield>
    <subfield code="m">20</subfield>
    <subfield code="o">000 AGG</subfield>
    <subfield code="p">B-747179</subfield>
    <subfield code="r">2025-08-11 00:00:00</subfield>
    <subfield code="s">2025-07-15</subfield>
    <subfield code="t">1</subfield>
    <subfield code="v">899.00</subfield>
    <subfield code="w">2023-01-27</subfield>
    <subfield code="y">EN</subfield>
  </datafield>
  <datafield tag="952" ind1=" " ind2=" ">
    <subfield code="0">0</subfield>
    <subfield code="1">0</subfield>
    <subfield code="4">0</subfield>
    <subfield code="7">0</subfield>
    <subfield code="8">NFIC</subfield>
    <subfield code="a">ZLS</subfield>
    <subfield code="b">ZLS</subfield>
    <subfield code="d">2023-01-27</subfield>
    <subfield code="e">AKPD/A-22/28.11.22/147/23.11.22/2.12.22</subfield>
    <subfield code="g">899.00</subfield>
    <subfield code="l">13</subfield>
    <subfield code="m">18</subfield>
    <subfield code="o">000 AGG</subfield>
    <subfield code="p">B-747180</subfield>
    <subfield code="r">2025-03-03 00:00:00</subfield>
    <subfield code="s">2025-02-19</subfield>
    <subfield code="t">1</subfield>
    <subfield code="v">899.00</subfield>
    <subfield code="y">EN</subfield>
  </datafield>
  <datafield tag="952" ind1=" " ind2=" ">
    <subfield code="0">0</subfield>
    <subfield code="1">0</subfield>
    <subfield code="4">0</subfield>
    <subfield code="7">0</subfield>
    <subfield code="8">NFIC</subfield>
    <subfield code="a">CJ</subfield>
    <subfield code="b">CJ</subfield>
    <subfield code="d">2024-06-04</subfield>
    <subfield code="e">DBAD</subfield>
    <subfield code="g">899.00</subfield>
    <subfield code="l">5</subfield>
    <subfield code="m">7</subfield>
    <subfield code="o">AGG 000</subfield>
    <subfield code="p">EN-124108</subfield>
    <subfield code="q">2026-07-11</subfield>
    <subfield code="r">2026-06-27 12:07:34</subfield>
    <subfield code="s">2026-06-27</subfield>
    <subfield code="t">1</subfield>
    <subfield code="v">899.00</subfield>
    <subfield code="w">2024-06-04</subfield>
    <subfield code="y">EN</subfield>
  </datafield>
</record>
